000 01086nam0a2200313 4500
001 RU\NLR\BIBL_A\022285320
005 20250625184536.0
010 _92000
021 _aRU
035 _a(NLR Aleph) 022285320
090 _a13323612
_c13323612
100 _a20240726d1969 |||y0rusy50 ca
101 0 _amol
102 _aRU
105 _ay z 000 y
181 0 _ai
_baxxe
182 0 _an
200 1 _a"Проекторул комсомолист" - шкоалэ а тинерилор господарь
_fВ. Вышку
203 _aТекст
_bвизуальный
_cнепосредственный
210 _aКишинэу
_cЕдитура "Картя Молдовеняскэ"
_d1969
215 _a31,[1] с.
_d14
225 1 _aБиблиотека активистулуй комсомолист
541 1 _aКомсомольский прожектор
_zrus
686 1 _aФ75(2)142/145
700 1 _aВышку
_bВ.К.
_gВасилий Константинович
_4070
852 _aNLR
_bОНЛ
_jМолд./1-424
942 _cBOOK
980 _aNB